000 00505nam a22001697a 4500
005 20251108164209.0
008 250721s1994 xx 000 0 ara d
082 1 4 _a301,425/ناف
100 1 _aنافع، إبراهيم
245 1 0 _aكلام في الحب و الصبر /
264 1 _aالقاهرة :
_bمركز الأهرام للترجمة والنشر،
_c1994.
300 _a315ص
650 1 7 _aالحب (عواطف)
650 1 7 _aالأدب العربي
942 _2ddc
_cBK
999 _c6111
_d6111